[Event "Clash of Blames"]
[Site "stage.worldchess.com"]
[Date "2024.08.20"]
[Round "17"]
[White "Kramnik, Vladimir"]
[Black "Martinez Alcantara, Jose Eduardo"]
[Result "0-1"]
[Board "11"]
[WhiteFideId "4101588"]
[BlackFideId "3805662"]
[WhiteTitle "GM"]
[BlackTitle "GM"]
[WhiteElo "2689"]
[BlackElo "2628"]
[WhiteTeam "RUS"]
[BlackTeam "MEX"]
[WhiteClock "0:00:03"]
[BlackClock "0:00:43"]
[Variant "Standard"]

1. e4 {[%clk 0:03:02]}  e5 {[%clk 0:03:02]} 2. Nf3 {[%clk 0:03:03]}  Nc6 {[%clk 0:03:03]} 3. Bc4 {[%clk 0:03:04]}  Bc5 {[%clk 0:03:05]} 4. c3 {[%clk 0:03:05]}  Nf6 {[%clk 0:03:06]} 5. d3 {[%clk 0:03:07]}  d6 {[%clk 0:03:08]} 6. O-O {[%clk 0:03:07]}  Bb6 {[%clk 0:03:09]} 7. a4 {[%clk 0:03:08]}  h6 {[%clk 0:03:09]} 8. Re1 {[%clk 0:03:05]}  O-O {[%clk 0:03:09]} 9. Nbd2 {[%clk 0:03:03]}  a6 {[%clk 0:03:10]} 10. b4 {[%clk 0:02:56]}  Ne7 {[%clk 0:03:06]} 11. a5 {[%clk 0:02:52]}  Ba7 {[%clk 0:03:07]} 12. Nf1 {[%clk 0:02:54]}  Ng6 {[%clk 0:03:07]} 13. Be3 {[%clk 0:02:49]}  Bxe3 {[%clk 0:03:06]} 14. Nxe3 {[%clk 0:02:51]}  Be6 {[%clk 0:03:06]} 15. Bb3 {[%clk 0:02:44]}  Qd7 {[%clk 0:03:03]} 16. Bc2 {[%clk 0:02:45]}  c6 {[%clk 0:03:04]} 17. d4 {[%clk 0:02:45]}  Qc7 {[%clk 0:03:05]} 18. c4 {[%clk 0:02:26]}  Rad8 {[%clk 0:03:05]} 19. d5 {[%clk 0:02:27]}  Bc8 {[%clk 0:03:06]} 20. Qd2 {[%clk 0:02:27]}  c5 {[%clk 0:03:00]} 21. bxc5 {[%clk 0:02:20]}  Qxc5 {[%clk 0:03:02]} 22. Rab1 {[%clk 0:02:07]}  Qc7 {[%clk 0:03:00]} 23. Qb4 {[%clk 0:01:58]}  Nd7 {[%clk 0:02:59]} 24. Nd2 {[%clk 0:01:59]}  Nf4 {[%clk 0:02:43]} 25. Nb3 {[%clk 0:01:53]}  g6 {[%clk 0:02:43]} 26. g3 {[%clk 0:01:49]}  Nh5 {[%clk 0:02:33]} 27. Rbc1 {[%clk 0:01:37]}  Nhf6 {[%clk 0:02:26]} 28. Bb1 {[%clk 0:01:35]}  Nc5 {[%clk 0:02:19]} 29. Nxc5 {[%clk 0:01:36]}  dxc5 {[%clk 0:02:21]} 30. Qd2 {[%clk 0:01:35]}  Ne8 {[%clk 0:02:20]} 31. Ng2 {[%clk 0:01:27]}  Kh7 {[%clk 0:02:16]} 32. f4 {[%clk 0:01:27]}  Qe7 {[%clk 0:02:07]} 33. fxe5 {[%clk 0:01:19]}  Qxe5 {[%clk 0:02:07]} 34. Qc3 {[%clk 0:01:18]}  f6 {[%clk 0:02:02]} 35. Nf4 {[%clk 0:01:19]}  Nd6 {[%clk 0:01:32]} 36. Qxe5 {[%clk 0:01:19]}  fxe5 {[%clk 0:01:34]} 37. Nd3 {[%clk 0:01:21]}  Bh3 {[%clk 0:01:33]} 38. Nxc5 {[%clk 0:01:11]}  Rc8 {[%clk 0:01:31]} 39. Ne6 {[%clk 0:00:57]}  Bxe6 {[%clk 0:01:06]} 40. dxe6 {[%clk 0:00:58]}  Rfe8 {[%clk 0:01:08]} 41. c5 {[%clk 0:00:54]}  Nb5 {[%clk 0:01:09]} 42. Rf1 {[%clk 0:00:47]}  Nd4 {[%clk 0:01:06]} 43. Rf7+ {[%clk 0:00:45]}  Kh8 {[%clk 0:01:07]} 44. Kg2 {[%clk 0:00:29]}  Rxe6 {[%clk 0:00:43]} 45. Rxb7 {[%clk 0:00:21]}  Rec6 {[%clk 0:00:45]} 46. Rb6 {[%clk 0:00:16]}  Rxc5 {[%clk 0:00:46]} 47. Rxc5 {[%clk 0:00:17]}  Rxc5 {[%clk 0:00:48]} 48. Rxa6 {[%clk 0:00:17]}  Rb5 {[%clk 0:00:49]} 49. Bd3 {[%clk 0:00:12]}  Rb2+ {[%clk 0:00:50]} 50. Kh3 {[%clk 0:00:13]}  Kg7 {[%clk 0:00:40]} 51. Rb6 {[%clk 0:00:08]}  Ra2 {[%clk 0:00:41]} 52. a6 {[%clk 0:00:03]}  h5 {[%clk 0:00:43]} 53. Kh4 {[%clk 0:00:03]}  Nf3+ {[%clk 0:00:43]} 0-1

[Event "Clash of Blames"]
[Site "London, GB"]
[Date "2024.08.20"]
[Round "19"]
[White "Kramnik, Vladimir"]
[Black "Martinez Alcantara, Jose Eduardo"]
[Result "1/2-1/2"]
[Board "1"]
[WhiteFideId "4101588"]
[BlackFideId "3805662"]
[WhiteTitle "GM"]
[BlackTitle "GM"]
[WhiteElo "2676"]
[BlackElo "2691"]
[WhiteTeam "RUS"]
[BlackTeam "MEX"]
[WhiteClock "0:00:09"]
[BlackClock "0:00:06"]
[Variant "Standard"]

1. e4 {[%clk 0:03:03]}  e5 {[%clk 0:03:04]} 2. Nf3 {[%clk 0:03:04]}  Nc6 {[%clk 0:03:05]} 3. Bc4 {[%clk 0:03:05]}  Bc5 {[%clk 0:03:06]} 4. c3 {[%clk 0:03:06]}  Nf6 {[%clk 0:03:07]} 5. d3 {[%clk 0:03:07]}  d6 {[%clk 0:03:08]} 6. O-O {[%clk 0:03:07]}  Bb6 {[%clk 0:03:09]} 7. a4 {[%clk 0:03:08]}  h6 {[%clk 0:03:09]} 8. Re1 {[%clk 0:03:08]}  O-O {[%clk 0:03:09]} 9. Nbd2 {[%clk 0:03:09]}  a6 {[%clk 0:03:10]} 10. b4 {[%clk 0:03:07]}  Ba7 {[%clk 0:03:10]} 11. h3 {[%clk 0:02:58]}  Ne7 {[%clk 0:03:10]} 12. d4 {[%clk 0:02:52]}  exd4 {[%clk 0:03:08]} 13. cxd4 {[%clk 0:02:52]}  d5 {[%clk 0:03:02]} 14. e5 {[%clk 0:02:47]}  Nh5 {[%clk 0:02:44]} 15. Bf1 {[%clk 0:02:42]}  Nf4 {[%clk 0:02:44]} 16. Nb3 {[%clk 0:02:36]}  Nfg6 {[%clk 0:02:44]} 17. b5 {[%clk 0:02:22]}  c6 {[%clk 0:01:51]} 18. bxa6 {[%clk 0:02:18]}  bxa6 {[%clk 0:01:52]} 19. a5 {[%clk 0:02:13]}  Nf5 {[%clk 0:01:42]} 20. Ba3 {[%clk 0:02:12]}  Re8 {[%clk 0:01:44]} 21. Bc5 {[%clk 0:02:10]}  Nfh4 {[%clk 0:01:11]} 22. Nxh4 {[%clk 0:01:57]}  Qxh4 {[%clk 0:01:12]} 23. g3 {[%clk 0:01:51]}  Qd8 {[%clk 0:01:08]} 24. Qd2 {[%clk 0:01:39]}  Nf8 {[%clk 0:01:01]} 25. Rec1 {[%clk 0:01:34]}  Bxc5 {[%clk 0:00:58]} 26. Nxc5 {[%clk 0:01:32]}  f6 {[%clk 0:00:43]} 27. Nd3 {[%clk 0:01:32]}  Ne6 {[%clk 0:00:38]} 28. Nb4 {[%clk 0:01:12]}  Ng5 {[%clk 0:00:31]} 29. Bg2 {[%clk 0:01:04]}  Bxh3 {[%clk 0:00:31]} 30. Nxc6 {[%clk 0:00:34]}  Bxg2 {[%clk 0:00:28]} 31. Nxd8 {[%clk 0:00:16]}  Nf3+ {[%clk 0:00:29]} 32. Kxg2 {[%clk 0:00:17]}  Nxd2 {[%clk 0:00:31]} 33. Rd1 {[%clk 0:00:08]}  Raxd8 {[%clk 0:00:11]} 34. Rxd2 {[%clk 0:00:09]}  fxe5 {[%clk 0:00:12]} 35. dxe5 {[%clk 0:00:10]}  Rxe5 {[%clk 0:00:12]} 36. Rd4 {[%clk 0:00:10]}  Re4 {[%clk 0:00:13]} 37. Rxe4 {[%clk 0:00:06]}  dxe4 {[%clk 0:00:14]} 38. Ra4 {[%clk 0:00:08]}  Rd5 {[%clk 0:00:14]} 39. Rxe4 {[%clk 0:00:07]}  Rxa5 {[%clk 0:00:15]} 40. Re8+ {[%clk 0:00:08]}  Kf7 {[%clk 0:00:16]} 41. Ra8 {[%clk 0:00:09]}  Ra3 {[%clk 0:00:16]} 42. Ra7+ {[%clk 0:00:10]}  Kf6 {[%clk 0:00:17]} 43. f4 {[%clk 0:00:09]}  g6 {[%clk 0:00:14]} 44. g4 {[%clk 0:00:09]}  g5 {[%clk 0:00:05]} 45. f5 {[%clk 0:00:10]}  Ke5 {[%clk 0:00:04]} 46. Rc7 {[%clk 0:00:03]}  Ra2+ {[%clk 0:00:04]} 47. Kf3 {[%clk 0:00:05]}  Ra3+ {[%clk 0:00:05]} 48. Kg2 {[%clk 0:00:06]}  a5 {[%clk 0:00:04]} 49. Rc5+ {[%clk 0:00:06]}  Kd6 {[%clk 0:00:04]} 50. Rb5 {[%clk 0:00:06]}  a4 {[%clk 0:00:05]} 51. Rb6+ {[%clk 0:00:06]}  Ke5 {[%clk 0:00:06]} 52. f6 {[%clk 0:00:07]}  Ra2+ {[%clk 0:00:07]} 53. Kg3 {[%clk 0:00:08]}  Ra3+ {[%clk 0:00:06]} 54. Kg2 {[%clk 0:00:09]}  Ra2+ {[%clk 0:00:05]} 55. Kg3 {[%clk 0:00:11]}  Ra1 {[%clk 0:00:05]} 56. Kg2 {[%clk 0:00:09]}  Ra2+ {[%clk 0:00:06]} 1/2-1/2

[Event "Clash of Blames"]
[Site "London, GB"]
[Date "2024.08.20"]
[Round "20"]
[White "Martinez Alcantara, Jose Eduardo"]
[Black "Kramnik, Vladimir"]
[Result "1/2-1/2"]
[Board "1"]
[WhiteFideId "3805662"]
[BlackFideId "4101588"]
[WhiteTitle "GM"]
[BlackTitle "GM"]
[WhiteElo "2691"]
[BlackElo "2676"]
[WhiteTeam "MEX"]
[BlackTeam "RUS"]
[WhiteClock "0:00:21"]
[BlackClock "0:00:18"]
[Variant "Standard"]

1. e4 {[%clk 0:03:03]}  c5 {[%clk 0:03:04]} 2. Nf3 {[%clk 0:03:04]}  d6 {[%clk 0:03:06]} 3. c3 {[%clk 0:03:05]}  Nf6 {[%clk 0:03:06]} 4. Be2 {[%clk 0:03:06]}  g6 {[%clk 0:03:07]} 5. O-O {[%clk 0:03:06]}  Bg7 {[%clk 0:03:08]} 6. d3 {[%clk 0:03:06]}  O-O {[%clk 0:03:08]} 7. Be3 {[%clk 0:03:07]}  Nc6 {[%clk 0:03:08]} 8. Nbd2 {[%clk 0:03:07]}  e5 {[%clk 0:03:08]} 9. h3 {[%clk 0:03:06]}  Ne8 {[%clk 0:03:07]} 10. Nc4 {[%clk 0:03:04]}  b5 {[%clk 0:03:00]} 11. Na3 {[%clk 0:03:00]}  a6 {[%clk 0:02:55]} 12. Nc2 {[%clk 0:02:53]}  f5 {[%clk 0:02:50]} 13. a4 {[%clk 0:02:53]}  Rb8 {[%clk 0:02:47]} 14. axb5 {[%clk 0:02:54]}  axb5 {[%clk 0:02:48]} 15. b4 {[%clk 0:02:55]}  f4 {[%clk 0:02:34]} 16. Bc1 {[%clk 0:02:50]}  Nc7 {[%clk 0:02:21]} 17. Rb1 {[%clk 0:02:42]}  Kh8 {[%clk 0:02:12]} 18. Ba3 {[%clk 0:02:10]}  Ne6 {[%clk 0:02:09]} 19. bxc5 {[%clk 0:02:01]}  dxc5 {[%clk 0:02:09]} 20. d4 {[%clk 0:02:03]}  exd4 {[%clk 0:01:57]} 21. Bxb5 {[%clk 0:01:10]}  Rxb5 {[%clk 0:01:47]} 22. Rxb5 {[%clk 0:01:11]}  Ba6 {[%clk 0:01:48]} 23. Rxc5 {[%clk 0:01:12]}  Nxc5 {[%clk 0:01:43]} 24. Bxc5 {[%clk 0:01:13]}  Bxf1 {[%clk 0:01:35]} 25. Bxf8 {[%clk 0:01:13]}  Qxf8 {[%clk 0:01:30]} 26. Kxf1 {[%clk 0:01:12]}  dxc3 {[%clk 0:01:29]} 27. Qd7 {[%clk 0:00:58]}  Ne5 {[%clk 0:00:59]} 28. Nxe5 {[%clk 0:00:55]}  Bxe5 {[%clk 0:01:00]} 29. Qd5 {[%clk 0:00:50]}  Qb8 {[%clk 0:00:47]} 30. Ke2 {[%clk 0:00:49]}  Kg7 {[%clk 0:00:47]} 31. Kf3 {[%clk 0:00:40]}  Qc7 {[%clk 0:00:48]} 32. Ke2 {[%clk 0:00:26]}  h5 {[%clk 0:00:48]} 33. Kd3 {[%clk 0:00:24]}  Kf6 {[%clk 0:00:32]} 34. Ke2 {[%clk 0:00:24]}  Kg7 {[%clk 0:00:22]} 35. Kd3 {[%clk 0:00:23]}  Kf6 {[%clk 0:00:18]} 36. Ke2 {[%clk 0:00:21]} 1/2-1/2

[Event "Clash of Blames"]
[Site "stage.worldchess.com"]
[Date "2024.08.21"]
[Round "27"]
[White "Kramnik, Vladimir"]
[Black "Martinez Alcantara, Jose Eduardo"]
[Result "1-0"]
[Board "15"]
[WhiteFideId "4101588"]
[BlackFideId "3805662"]
[WhiteTitle "GM"]
[BlackTitle "GM"]
[WhiteElo "2717"]
[BlackElo "2600"]
[WhiteTeam "RUS"]
[BlackTeam "MEX"]
[WhiteClock "0:00:15"]
[BlackClock "0:00:08"]
[Variant "Standard"]

1. e4 {[%clk 0:03:02]}  e5 {[%clk 0:03:02]} 2. Nf3 {[%clk 0:03:02]}  Nc6 {[%clk 0:03:03]} 3. Bb5 {[%clk 0:03:03]}  a6 {[%clk 0:03:03]} 4. Ba4 {[%clk 0:03:04]}  Nf6 {[%clk 0:03:05]} 5. O-O {[%clk 0:03:05]}  Be7 {[%clk 0:03:06]} 6. Re1 {[%clk 0:03:03]}  b5 {[%clk 0:03:07]} 7. Bb3 {[%clk 0:03:04]}  d6 {[%clk 0:03:09]} 8. c3 {[%clk 0:03:05]}  O-O {[%clk 0:03:11]} 9. h3 {[%clk 0:03:06]}  Be6 {[%clk 0:03:09]} 10. d4 {[%clk 0:03:05]}  Bxb3 {[%clk 0:03:08]} 11. axb3 {[%clk 0:03:07]}  h6 {[%clk 0:03:06]} 12. Bd2 {[%clk 0:03:03]}  Qb8 {[%clk 0:02:51]} 13. d5 {[%clk 0:02:55]}  Nd8 {[%clk 0:02:52]} 14. Nh4 {[%clk 0:02:42]}  Re8 {[%clk 0:02:41]} 15. Nf5 {[%clk 0:02:42]}  Bf8 {[%clk 0:02:19]} 16. Qf3 {[%clk 0:02:42]}  Nh7 {[%clk 0:02:17]} 17. Na3 {[%clk 0:02:37]}  c6 {[%clk 0:01:58]} 18. c4 {[%clk 0:02:31]}  Ra7 {[%clk 0:01:25]} 19. Nc2 {[%clk 0:02:22]}  c5 {[%clk 0:01:25]} 20. cxb5 {[%clk 0:01:52]}  axb5 {[%clk 0:01:27]} 21. Rxa7 {[%clk 0:01:44]}  Qxa7 {[%clk 0:01:29]} 22. Na3 {[%clk 0:01:43]}  Qb7 {[%clk 0:01:00]} 23. Qe2 {[%clk 0:01:42]}  b4 {[%clk 0:01:01]} 24. Nc4 {[%clk 0:01:42]}  Qd7 {[%clk 0:00:56]} 25. Qg4 {[%clk 0:01:37]}  Nf6 {[%clk 0:00:52]} 26. Nxh6+ {[%clk 0:01:37]}  Kh7 {[%clk 0:00:53]} 27. Qxd7 {[%clk 0:01:37]}  Nxd7 {[%clk 0:00:55]} 28. Nxf7 {[%clk 0:01:38]}  Nxf7 {[%clk 0:00:56]} 29. Ra1 {[%clk 0:01:35]}  Nf6 {[%clk 0:00:54]} 30. f3 {[%clk 0:01:33]}  Kg8 {[%clk 0:00:42]} 31. h4 {[%clk 0:01:30]}  Nh5 {[%clk 0:00:43]} 32. Kf2 {[%clk 0:01:27]}  Be7 {[%clk 0:00:43]} 33. g3 {[%clk 0:01:27]}  Nf6 {[%clk 0:00:39]} 34. Ra7 {[%clk 0:01:25]}  Kf8 {[%clk 0:00:40]} 35. g4 {[%clk 0:01:20]}  Rd8 {[%clk 0:00:26]} 36. Na5 {[%clk 0:01:10]}  Rd7 {[%clk 0:00:24]} 37. Ra8+ {[%clk 0:01:11]}  Rd8 {[%clk 0:00:25]} 38. Ra6 {[%clk 0:01:10]}  Rc8 {[%clk 0:00:25]} 39. Kg3 {[%clk 0:01:04]}  Nd8 {[%clk 0:00:25]} 40. Ra7 {[%clk 0:01:02]}  Ke8 {[%clk 0:00:25]} 41. h5 {[%clk 0:01:00]}  Nh7 {[%clk 0:00:20]} 42. Nc4 {[%clk 0:00:49]}  Nf7 {[%clk 0:00:21]} 43. Be3 {[%clk 0:00:31]}  Rd8 {[%clk 0:00:21]} 44. Na5 {[%clk 0:00:30]}  Kf8 {[%clk 0:00:20]} 45. Nc6 {[%clk 0:00:29]}  Re8 {[%clk 0:00:22]} 46. Rd7 {[%clk 0:00:21]}  Bg5 {[%clk 0:00:21]} 47. Bxg5 {[%clk 0:00:17]}  Nhxg5 {[%clk 0:00:23]} 48. Ra7 {[%clk 0:00:17]}  Rc8 {[%clk 0:00:16]} 49. Ne7 {[%clk 0:00:16]}  Rd8 {[%clk 0:00:15]} 50. Nf5 {[%clk 0:00:17]}  Rc8 {[%clk 0:00:12]} 51. Kf2 {[%clk 0:00:14]}  Nh3+ {[%clk 0:00:10]} 52. Ke3 {[%clk 0:00:14]}  Nf4 {[%clk 0:00:10]} 53. Rxf7+ {[%clk 0:00:15]}  Kxf7 {[%clk 0:00:08]} 54. Nxd6+ {[%clk 0:00:15]} 1-0

[Event "Clash of Blames"]
[Site "London, GB"]
[Date "2024.08.21"]
[Round "31"]
[White "Kramnik, Vladimir"]
[Black "Martinez Alcantara, Jose Eduardo"]
[Result "1-0"]
[Board "1"]
[WhiteFideId "4101588"]
[BlackFideId "3805662"]
[WhiteTitle "GM"]
[BlackTitle "GM"]
[WhiteElo "2676"]
[BlackElo "2691"]
[WhiteTeam "RUS"]
[BlackTeam "MEX"]
[WhiteClock "0:00:12"]
[BlackClock "0:00:05"]
[Variant "Standard"]

1. e4 {[%clk 0:03:03]}  e5 {[%clk 0:02:57]} 2. Nf3 {[%clk 0:03:04]}  Nc6 {[%clk 0:02:58]} 3. Bb5 {[%clk 0:03:05]}  a6 {[%clk 0:02:57]} 4. Ba4 {[%clk 0:03:06]}  d6 {[%clk 0:02:58]} 5. c3 {[%clk 0:03:06]}  Bd7 {[%clk 0:02:59]} 6. O-O {[%clk 0:03:05]}  Nf6 {[%clk 0:02:58]} 7. d4 {[%clk 0:03:06]}  Be7 {[%clk 0:02:59]} 8. Re1 {[%clk 0:03:05]}  O-O {[%clk 0:02:59]} 9. h3 {[%clk 0:03:05]}  h6 {[%clk 0:02:52]} 10. Nbd2 {[%clk 0:03:04]}  b5 {[%clk 0:02:51]} 11. Bc2 {[%clk 0:03:04]}  Re8 {[%clk 0:02:52]} 12. d5 {[%clk 0:02:59]}  Na5 {[%clk 0:02:38]} 13. b4 {[%clk 0:02:52]}  Nb7 {[%clk 0:02:40]} 14. a4 {[%clk 0:02:43]}  c5 {[%clk 0:02:40]} 15. dxc6 {[%clk 0:02:30]}  Bxc6 {[%clk 0:02:41]} 16. Nf1 {[%clk 0:02:26]}  a5 {[%clk 0:02:28]} 17. axb5 {[%clk 0:02:13]}  Bxb5 {[%clk 0:02:29]} 18. Ng3 {[%clk 0:01:57]}  Qc7 {[%clk 0:02:23]} 19. Bd2 {[%clk 0:01:44]}  Bf8 {[%clk 0:02:00]} 20. Bb3 {[%clk 0:01:37]}  Bc4 {[%clk 0:01:57]} 21. Ba4 {[%clk 0:01:21]}  Red8 {[%clk 0:01:59]} 22. Nf5 {[%clk 0:01:15]}  Be6 {[%clk 0:01:55]} 23. Ng3 {[%clk 0:00:54]}  d5 {[%clk 0:01:46]} 24. exd5 {[%clk 0:00:54]}  Nxd5 {[%clk 0:01:48]} 25. Rc1 {[%clk 0:00:39]}  Nb6 {[%clk 0:01:43]} 26. Bc2 {[%clk 0:00:36]}  Nc4 {[%clk 0:01:42]} 27. Qe2 {[%clk 0:00:36]}  g6 {[%clk 0:01:16]} 28. Be4 {[%clk 0:00:27]}  Rab8 {[%clk 0:01:05]} 29. Red1 {[%clk 0:00:21]}  Nbd6 {[%clk 0:01:01]} 30. Bb1 {[%clk 0:00:22]}  Bg7 {[%clk 0:01:02]} 31. Be1 {[%clk 0:00:22]}  a4 {[%clk 0:01:02]} 32. h4 {[%clk 0:00:22]}  a3 {[%clk 0:00:39]} 33. h5 {[%clk 0:00:15]}  g5 {[%clk 0:00:40]} 34. Nh2 {[%clk 0:00:15]}  f5 {[%clk 0:00:27]} 35. Ba2 {[%clk 0:00:17]}  Qf7 {[%clk 0:00:26]} 36. Nf3 {[%clk 0:00:14]}  Rbc8 {[%clk 0:00:23]} 37. b5 {[%clk 0:00:14]}  Kh8 {[%clk 0:00:11]} 38. b6 {[%clk 0:00:15]}  Qb7 {[%clk 0:00:07]} 39. Nd4 {[%clk 0:00:13]}  Bd7 {[%clk 0:00:06]} 40. Bxc4 {[%clk 0:00:09]}  exd4 {[%clk 0:00:07]} 41. Ba6 {[%clk 0:00:10]}  Qxb6 {[%clk 0:00:08]} 42. Bxc8 {[%clk 0:00:11]}  Bxc8 {[%clk 0:00:06]} 43. cxd4 {[%clk 0:00:13]}  Ba6 {[%clk 0:00:04]} 44. Qe7 {[%clk 0:00:10]}  Bb5 {[%clk 0:00:03]} 45. Bb4 {[%clk 0:00:07]}  Ne4 {[%clk 0:00:03]} 46. Nxe4 {[%clk 0:00:05]}  fxe4 {[%clk 0:00:04]} 47. Bxa3 {[%clk 0:00:06]}  Re8 {[%clk 0:00:05]} 48. Qc5 {[%clk 0:00:07]}  Qa6 {[%clk 0:00:06]} 49. Bb4 {[%clk 0:00:08]}  Bd3 {[%clk 0:00:07]} 50. d5 {[%clk 0:00:09]}  g4 {[%clk 0:00:05]} 51. Bc3 {[%clk 0:00:11]}  g3 {[%clk 0:00:06]} 52. Bxg7+ {[%clk 0:00:11]}  Kxg7 {[%clk 0:00:07]} 53. Qc7+ {[%clk 0:00:12]}  Kh8 {[%clk 0:00:08]} 54. Qxg3 {[%clk 0:00:13]}  Qf6 {[%clk 0:00:09]} 55. Qg6 {[%clk 0:00:13]}  Qf8 {[%clk 0:00:03]} 56. Rc7 {[%clk 0:00:12]}  e3 {[%clk 0:00:05]} 57. Rh7# {[%clk 0:00:12]} 1-0

[Event "Clash of Blames"]
[Site "London, GB"]
[Date "2024.08.21"]
[Round "32"]
[White "Martinez Alcantara, Jose Eduardo"]
[Black "Kramnik, Vladimir"]
[Result "0-1"]
[Board "1"]
[WhiteFideId "3805662"]
[BlackFideId "4101588"]
[WhiteTitle "GM"]
[BlackTitle "GM"]
[WhiteElo "2691"]
[BlackElo "2676"]
[WhiteTeam "MEX"]
[BlackTeam "RUS"]
[WhiteClock "0:00:03"]
[BlackClock "0:00:19"]
[Variant "Standard"]

1. e4 {[%clk 0:03:03]}  c5 {[%clk 0:03:04]} 2. c3 {[%clk 0:03:05]}  Nf6 {[%clk 0:03:05]} 3. e5 {[%clk 0:03:06]}  Nd5 {[%clk 0:03:06]} 4. Bc4 {[%clk 0:03:07]}  Nb6 {[%clk 0:03:07]} 5. Bb3 {[%clk 0:03:09]}  c4 {[%clk 0:03:08]} 6. Bc2 {[%clk 0:03:10]}  d6 {[%clk 0:03:09]} 7. exd6 {[%clk 0:03:10]}  Qxd6 {[%clk 0:03:10]} 8. Ne2 {[%clk 0:03:11]}  Nc6 {[%clk 0:03:05]} 9. O-O {[%clk 0:03:10]}  Bg4 {[%clk 0:03:02]} 10. Na3 {[%clk 0:02:59]}  e6 {[%clk 0:02:58]} 11. Qe1 {[%clk 0:02:51]}  Qe5 {[%clk 0:02:49]} 12. Ng3 {[%clk 0:02:46]}  Bxa3 {[%clk 0:02:26]} 13. bxa3 {[%clk 0:02:44]}  O-O {[%clk 0:01:54]} 14. a4 {[%clk 0:02:26]}  Rfd8 {[%clk 0:01:50]} 15. Rb1 {[%clk 0:02:26]}  Qxe1 {[%clk 0:01:43]} 16. Rxe1 {[%clk 0:02:27]}  g6 {[%clk 0:01:40]} 17. f3 {[%clk 0:01:29]}  Bf5 {[%clk 0:01:40]} 18. Nxf5 {[%clk 0:01:30]}  exf5 {[%clk 0:01:37]} 19. Re2 {[%clk 0:01:31]}  Rd5 {[%clk 0:01:35]} 20. Rb5 {[%clk 0:01:17]}  Rad8 {[%clk 0:01:36]} 21. Rxd5 {[%clk 0:01:19]}  Nxd5 {[%clk 0:01:32]} 22. g3 {[%clk 0:01:16]}  f6 {[%clk 0:01:29]} 23. f4 {[%clk 0:01:13]}  Kf7 {[%clk 0:01:30]} 24. Kf2 {[%clk 0:01:06]}  Nb6 {[%clk 0:01:28]} 25. Ba3 {[%clk 0:01:01]}  Rd5 {[%clk 0:01:28]} 26. h3 {[%clk 0:01:01]}  h5 {[%clk 0:01:21]} 27. Kf3 {[%clk 0:00:48]}  g5 {[%clk 0:01:03]} 28. Kf2 {[%clk 0:00:42]}  h4 {[%clk 0:01:01]} 29. gxh4 {[%clk 0:00:42]}  gxf4 {[%clk 0:00:59]} 30. Kf3 {[%clk 0:00:37]}  Ne5+ {[%clk 0:00:35]} 31. Kxf4 {[%clk 0:00:38]}  Nd3+ {[%clk 0:00:36]} 32. Bxd3 {[%clk 0:00:38]}  Rxd3 {[%clk 0:00:34]} 33. Kxf5 {[%clk 0:00:19]}  Nd5 {[%clk 0:00:26]} 34. Re4 {[%clk 0:00:09]}  Rxd2 {[%clk 0:00:19]} 35. Bc5 {[%clk 0:00:06]}  b6 {[%clk 0:00:18]} 36. Bd4 {[%clk 0:00:07]}  Rd3 {[%clk 0:00:17]} 37. Kg4 {[%clk 0:00:04]}  Nxc3 {[%clk 0:00:17]} 38. Bxc3 {[%clk 0:00:05]}  Rxc3 {[%clk 0:00:18]} 39. Rd4 {[%clk 0:00:04]}  Rc1 {[%clk 0:00:19]} 40. Kf5 {[%clk 0:00:04]}  c3 {[%clk 0:00:16]} 41. Rd7+ {[%clk 0:00:05]}  Ke8 {[%clk 0:00:18]} 42. Rc7 {[%clk 0:00:03]}  c2 {[%clk 0:00:19]} 0-1

[Event "Clash of Blames"]
[Site "London, GB"]
[Date "2024.08.21"]
[Round "34"]
[White "Martinez Alcantara, Jose Eduardo"]
[Black "Kramnik, Vladimir"]
[Result "1-0"]
[Board "1"]
[WhiteFideId "3805662"]
[BlackFideId "4101588"]
[WhiteTitle "GM"]
[BlackTitle "GM"]
[WhiteElo "2691"]
[BlackElo "2676"]
[WhiteTeam "MEX"]
[BlackTeam "RUS"]
[WhiteClock "0:00:07"]
[BlackClock "0:00:03"]
[Variant "Standard"]

1. e4 {[%clk 0:03:03]}  c5 {[%clk 0:03:04]} 2. Nc3 {[%clk 0:03:04]}  d6 {[%clk 0:03:04]} 3. d4 {[%clk 0:03:05]}  cxd4 {[%clk 0:03:05]} 4. Qxd4 {[%clk 0:03:06]}  Nc6 {[%clk 0:03:06]} 5. Qd1 {[%clk 0:03:03]}  g6 {[%clk 0:03:05]} 6. Nf3 {[%clk 0:03:04]}  Bg7 {[%clk 0:03:07]} 7. h3 {[%clk 0:03:03]}  Nf6 {[%clk 0:03:04]} 8. Bc4 {[%clk 0:03:04]}  O-O {[%clk 0:03:03]} 9. O-O {[%clk 0:03:04]}  Be6 {[%clk 0:03:04]} 10. Bb3 {[%clk 0:03:01]}  Bxb3 {[%clk 0:02:59]} 11. axb3 {[%clk 0:03:02]}  Rc8 {[%clk 0:02:55]} 12. Re1 {[%clk 0:03:00]}  a6 {[%clk 0:02:57]} 13. Bg5 {[%clk 0:03:00]}  h6 {[%clk 0:02:51]} 14. Bf4 {[%clk 0:02:57]}  g5 {[%clk 0:02:41]} 15. Bg3 {[%clk 0:02:53]}  Nb4 {[%clk 0:02:24]} 16. Qd2 {[%clk 0:02:47]}  d5 {[%clk 0:02:12]} 17. e5 {[%clk 0:02:34]}  Ne4 {[%clk 0:02:05]} 18. Nxe4 {[%clk 0:02:27]}  dxe4 {[%clk 0:02:06]} 19. Qxb4 {[%clk 0:02:28]}  exf3 {[%clk 0:02:07]} 20. Rad1 {[%clk 0:02:18]}  Qc7 {[%clk 0:01:59]} 21. c3 {[%clk 0:01:56]}  Qc6 {[%clk 0:01:35]} 22. gxf3 {[%clk 0:01:34]}  Qxf3 {[%clk 0:01:29]} 23. Rd7 {[%clk 0:01:31]}  h5 {[%clk 0:01:17]} 24. Qxb7 {[%clk 0:01:28]}  Qf5 {[%clk 0:01:11]} 25. Rxe7 {[%clk 0:01:04]}  h4 {[%clk 0:01:04]} 26. Bh2 {[%clk 0:01:05]}  Rb8 {[%clk 0:00:56]} 27. Qe4 {[%clk 0:00:41]}  Qxe4 {[%clk 0:00:52]} 28. Rxe4 {[%clk 0:00:42]}  Rxb3 {[%clk 0:00:53]} 29. Re2 {[%clk 0:00:43]}  Rd8 {[%clk 0:00:45]} 30. Kg2 {[%clk 0:00:40]}  Bf8 {[%clk 0:00:45]} 31. Ra7 {[%clk 0:00:34]}  Rb6 {[%clk 0:00:30]} 32. e6 {[%clk 0:00:31]}  Rxe6 {[%clk 0:00:30]} 33. Rxe6 {[%clk 0:00:32]}  fxe6 {[%clk 0:00:31]} 34. Rxa6 {[%clk 0:00:31]}  Rd2 {[%clk 0:00:30]} 35. b4 {[%clk 0:00:28]}  Bg7 {[%clk 0:00:26]} 36. Rc6 {[%clk 0:00:29]}  Rc2 {[%clk 0:00:25]} 37. b5 {[%clk 0:00:30]}  e5 {[%clk 0:00:16]} 38. b6 {[%clk 0:00:27]}  Rb2 {[%clk 0:00:15]} 39. Kf3 {[%clk 0:00:26]}  Kf7 {[%clk 0:00:13]} 40. Ke4 {[%clk 0:00:17]}  Re2+ {[%clk 0:00:13]} 41. Kd5 {[%clk 0:00:12]}  g4 {[%clk 0:00:12]} 42. hxg4 {[%clk 0:00:11]}  Rd2+ {[%clk 0:00:12]} 43. Ke4 {[%clk 0:00:08]}  Rxf2 {[%clk 0:00:13]} 44. Rc7+ {[%clk 0:00:09]}  Ke6 {[%clk 0:00:04]} 45. b7 {[%clk 0:00:09]}  Re2+ {[%clk 0:00:04]} 46. Kf3 {[%clk 0:00:08]}  Rb2 {[%clk 0:00:03]} 47. Rxg7 {[%clk 0:00:09]}  Kd5 {[%clk 0:00:04]} 48. Rd7+ {[%clk 0:00:09]}  Kc6 {[%clk 0:00:05]} 49. Re7 {[%clk 0:00:09]}  h3 {[%clk 0:00:03]} 50. Bxe5 {[%clk 0:00:07]}  Kd5 {[%clk 0:00:03]} 51. c4+ {[%clk 0:00:07]} 1-0